Erzählen unter Zwang?: zur Produktion von Gewalterzählungen im institutionellen Raum = Narration under coercion? : on the production of narration of violence in institutional contexts
Ausgehend von zwei empirischen Qualifikationsarbeiten untesucht der Beitrag, wie Jugendliche und Elternteile im Kontext des Kinderschutzes über innerfamiliäre Gewalt erzählen. Gewalt wird dabei als interaktiv hergestellte Bedeutungsstruktur verstanden. Als Ergebnis der Analyse rekonstruieren wir das...
| Authors: | ; |
|---|---|
| Format: | Print Article |
| Language: | German |
| Published: |
2025
|
| In: |
Kriminologisches Journal
Year: 2025, Volume: 57, Issue: 3, Pages: 191-210 |
| Check availability: | HBZ Gateway |
| Keywords: |
MARC
| LEADER | 00000caa a2200000 c 4500 | ||
|---|---|---|---|
| 001 | 1940809630 | ||
| 003 | DE-627 | ||
| 005 | 20260303112319.0 | ||
| 007 | tu | ||
| 008 | 251111s2025 xx ||||| 00| ||ger c | ||
| 035 | |a (DE-627)1940809630 | ||
| 035 | |a (DE-599)KXP1940809630 | ||
| 040 | |a DE-627 |b ger |c DE-627 |e rda | ||
| 041 | |a ger | ||
| 084 | |a 2,1 |2 ssgn | ||
| 100 | 1 | |a Neubert, Carolin |e VerfasserIn |0 (DE-588)1341105318 |0 (DE-627)1901924033 |4 aut | |
| 109 | |a Neubert, Carolin | ||
| 245 | 1 | 0 | |a Erzählen unter Zwang? |b zur Produktion von Gewalterzählungen im institutionellen Raum = Narration under coercion? : on the production of narration of violence in institutional contexts |c Carolin Neubert & Merve Eryoldas |
| 246 | 3 | 1 | |a Narration under coercion? |b on the production of narration of violence in institutional contexts |
| 264 | 1 | |c 2025 | |
| 336 | |a Text |b txt |2 rdacontent | ||
| 337 | |a ohne Hilfsmittel zu benutzen |b n |2 rdamedia | ||
| 338 | |a Band |b nc |2 rdacarrier | ||
| 500 | |a Literaturverzeichnis: Seite 207-210 | ||
| 520 | |a Ausgehend von zwei empirischen Qualifikationsarbeiten untesucht der Beitrag, wie Jugendliche und Elternteile im Kontext des Kinderschutzes über innerfamiliäre Gewalt erzählen. Gewalt wird dabei als interaktiv hergestellte Bedeutungsstruktur verstanden. Als Ergebnis der Analyse rekonstruieren wir das Konzept der Nachfragevorwegnahme als zentrale Erzählstrategie im institutionellen Raum. Gemeinsam mit zwei weiteren Konzepten, die in Anlehnung an Goffman entwickelt wurden, zeigt es, wie kommunikative Deutungen institutionell gerahmt sind und welche Zwänge das Erzählen über Gewalt im Kinderschutzkontext ermöglichen und strukturieren. | ||
| 650 | 4 | |a Gewalt | |
| 650 | 4 | |a Narrationen | |
| 650 | 4 | |a Kinderschutz | |
| 650 | 4 | |a Familie | |
| 650 | 4 | |a Interpretativ-rekonstruktive Forschung | |
| 650 | 4 | |a Institutionelle Rahmung | |
| 650 | 4 | |a Gewalterfahrung aus subjektiver Perspektive | |
| 650 | 4 | |a Violence | |
| 650 | 4 | |a Narrations | |
| 650 | 4 | |a Child-protection | |
| 650 | 4 | |a Family | |
| 650 | 4 | |a Interpretive-reconstructive research | |
| 650 | 4 | |a Institutional framing | |
| 650 | 4 | |a Subjective experiences of violence | |
| 700 | 1 | |a Eryoldas, Merve |e VerfasserIn |4 aut | |
| 773 | 0 | 8 | |i Enthalten in |t Kriminologisches Journal |d Weinheim : Beltz Juventa, 1969 |g 57(2025), 3, Seite 191-210 |w (DE-627)130092207 |w (DE-600)500591-7 |w (DE-576)018208223 |x 0341-1966 |7 nnas |
| 773 | 1 | 8 | |g volume:57 |g year:2025 |g number:3 |g pages:191-210 |
| 951 | |a AR | ||
| ELC | |b 1 | ||
| LOK | |0 000 xxxxxcx a22 zn 4500 | ||
| LOK | |0 001 4802041365 | ||
| LOK | |0 003 DE-627 | ||
| LOK | |0 004 1940809630 | ||
| LOK | |0 005 20251111103906 | ||
| LOK | |0 008 251111||||||||||||||||ger||||||| | ||
| LOK | |0 040 |a DE-2619 |c DE-627 |d DE-2619 | ||
| LOK | |0 852 |a DE-2619 | ||
| LOK | |0 852 1 |m p |9 00 | ||
| LOK | |0 938 |k p | ||
| LOK | |0 939 |a 11-11-25 |b l01 | ||
| ORI | |a WA-MARC-krimdoka001.raw | ||
